Annual report of Board of Trade of the City of Chicago for the year ended December 31 ... /

Bibliographic Details
New Title:Statistical annual (Chicago Board of Trade)
Previous Title:Annual report of the trade and commerce of Chicago for the year ended December 31 ...
Corporate Author: Chicago Board of Trade
Format: Serial
Language:English
Published: Chicago : The Board, 1947-1969
Subjects:

MARC

Tag First Indicator Second Indicator Subfields
LEADER 00000cas a2200000 a 4500
001 in00000089864
005 20240320173856.2
008 800426d19461968iluar s l0 a0eng c
010 |a sn 96015193  
012 |i 9604 
029 1 |a AU@  |b 000012365243 
035 |a (OCoLC)ocm06249001 
035 |a (OCoLC)6249001 
035 |a (OCoLC)ocm06249001 
040 |a GZN  |b eng  |c GZN  |d NYG  |d AGL  |d OCLCQ  |d OCLCF  |d OCLCO  |d OCLCQ  |d OCLCL 
042 |a pcc 
043 |a n-us-il 
050 4 |a HF296  |b .C53 
082 0 4 |a 381  |b C53 
245 0 0 |a Annual report of Board of Trade of the City of Chicago for the year ended December 31 ... /  |c Chicago Board of Trade. 
264 1 |a Chicago :  |b The Board,  |c 1947-1969 
300 |a 23 volumes :  |b illustrations ;  |c 23 cm 
336 |a text  |b txt  |2 rdacontent 
337 |a unmediated  |b n  |2 rdamedia 
338 |a volume  |b nc  |2 rdacarrier 
362 0 |a 89th (1946)-111th (1968). 
650 0 |a Produce trade  |z Illinois  |z Chicago  |v Statistics  |v Periodicals. 
651 0 |a Chicago (Ill.)  |x Commerce  |v Statistics  |v Periodicals. 
610 2 0 |a Chicago Board of Trade  |v Periodicals. 
610 2 7 |a Chicago Board of Trade.  |2 fast  |0 (OCoLC)fst00528526 
650 7 |a Commerce.  |2 fast  |0 (OCoLC)fst00869279 
650 7 |a Produce trade.  |2 fast  |0 (OCoLC)fst01078136 
651 7 |a Illinois  |z Chicago.  |2 fast  |0 (OCoLC)fst01204048  |1 https://id.oclc.org/worldcat/entity/E39QbtfRqMQWyHQwQCx7GcTRyM 
655 7 |a Periodicals.  |2 fast  |0 (OCoLC)fst01411641 
655 7 |a Statistics.  |2 fast  |0 (OCoLC)fst01423727 
710 2 |a Chicago Board of Trade. 
776 0 8 |i Online version:  |t Annual report of Board of Trade of the City of Chicago for the year ended December 31 ...  |w (OCoLC)629133593 
780 0 0 |t Annual report of the trade and commerce of Chicago for the year ended December 31 ...  |w (DLC)sn 96001194  |w (OCoLC)5323714 
785 0 0 |t Statistical annual (Chicago Board of Trade)  |x 0163-5409  |w (DLC) 78648247  |w (OCoLC)3487945 
850 |a DNAL 
948 |h NO HOLDINGS IN TXA - 59 OTHER HOLDINGS 
994 |a Z0  |b TXA 
999 f f |s 351a43d5-e323-3cea-b691-50d38683d0cc  |i c23bf4fc-ac04-359e-88ef-8530d6802fe9  |t 0 
952 f f |p ric  |a Texas A&M University  |b Rellis Campus  |c Joint Library Facility  |d Remote Storage  |t 0  |e HF296 .C53  |h Library of Congress classification  |i unmediated -- volume  |k 89th  |l 1946  |m A14852598185 
952 f f |p ric  |a Texas A&M University  |b Rellis Campus  |c Joint Library Facility  |d Remote Storage  |t 0  |e HF296 .C53  |h Library of Congress classification  |i unmediated -- volume  |k 106th  |l 1963  |m A14852598276 
952 f f |p ric  |a Texas A&M University  |b Rellis Campus  |c Joint Library Facility  |d Remote Storage  |t 0  |e HF296 .C53  |h Library of Congress classification  |i unmediated -- volume  |k 90th  |l 1947  |m A14852598177 
952 f f |p ric  |a Texas A&M University  |b Rellis Campus  |c Joint Library Facility  |d Remote Storage  |t 0  |e HF296 .C53  |h Library of Congress classification  |i unmediated -- volume  |k 110th  |l 1967  |m A14852598375 
952 f f |p ric  |a Texas A&M University  |b Rellis Campus  |c Joint Library Facility  |d Remote Storage  |t 0  |e HF296 .C53  |h Library of Congress classification  |i unmediated -- volume  |k 102nd  |l 1959  |m A14852598292 
952 f f |p ric  |a Texas A&M University  |b Rellis Campus  |c Joint Library Facility  |d Remote Storage  |t 0  |e HF296 .C53  |h Library of Congress classification  |i unmediated -- volume  |k 97th  |l 1954  |m A14852598342 
952 f f |p ric  |a Texas A&M University  |b Rellis Campus  |c Joint Library Facility  |d Remote Storage  |t 0  |e HF296 .C53  |h Library of Congress classification  |i unmediated -- volume  |k 101st  |l 1958  |m A14852598300 
952 f f |p ric  |a Texas A&M University  |b Rellis Campus  |c Joint Library Facility  |d Remote Storage  |t 0  |e HF296 .C53  |h Library of Congress classification  |i unmediated -- volume  |k 92nd  |l 1949  |m A14852598151 
952 f f |p ric  |a Texas A&M University  |b Rellis Campus  |c Joint Library Facility  |d Remote Storage  |t 0  |e HF296 .C53  |h Library of Congress classification  |i unmediated -- volume  |k 104th  |l 1961  |m A14852598284 
952 f f |p ric  |a Texas A&M University  |b Rellis Campus  |c Joint Library Facility  |d Remote Storage  |t 0  |e HF296 .C53  |h Library of Congress classification  |i unmediated -- volume  |k 109th  |l 1966  |m A14852598383 
952 f f |p ric  |a Texas A&M University  |b Rellis Campus  |c Joint Library Facility  |d Remote Storage  |t 0  |e HF296 .C53  |h Library of Congress classification  |i unmediated -- volume  |k 91st  |l 1948  |m A14852598169 
952 f f |p ric  |a Texas A&M University  |b Rellis Campus  |c Joint Library Facility  |d Remote Storage  |t 0  |e HF296 .C53  |h Library of Congress classification  |i unmediated -- volume  |k 99th  |l 1956  |m A14852598326 
952 f f |p ric  |a Texas A&M University  |b Rellis Campus  |c Joint Library Facility  |d Remote Storage  |t 0  |e HF296 .C53  |h Library of Congress classification  |i unmediated -- volume  |k 98th  |l 1955  |m A14852598334 
952 f f |p ric  |a Texas A&M University  |b Rellis Campus  |c Joint Library Facility  |d Remote Storage  |t 0  |e HF296 .C53  |h Library of Congress classification  |i unmediated -- volume  |k 95th  |l 1952  |m A14852598367 
952 f f |p ric  |a Texas A&M University  |b Rellis Campus  |c Joint Library Facility  |d Remote Storage  |t 0  |e HF296 .C53  |h Library of Congress classification  |i unmediated -- volume  |k 111th  |l 1969  |m A14852598391 
952 f f |p ric  |a Texas A&M University  |b Rellis Campus  |c Joint Library Facility  |d Remote Storage  |t 0  |e HF296 .C53  |h Library of Congress classification  |i unmediated -- volume  |k 93rd  |l 1950  |m A14852598144 
952 f f |p ric  |a Texas A&M University  |b Rellis Campus  |c Joint Library Facility  |d Remote Storage  |t 0  |e HF296 .C53  |h Library of Congress classification  |i unmediated -- volume  |k 94th  |l 1951  |m A14852598136 
952 f f |p ric  |a Texas A&M University  |b Rellis Campus  |c Joint Library Facility  |d Remote Storage  |t 0  |e HF296 .C53  |h Library of Congress classification  |i unmediated -- volume  |k 108th  |l 1965  |m A14852598250 
952 f f |p ric  |a Texas A&M University  |b Rellis Campus  |c Joint Library Facility  |d Remote Storage  |t 0  |e HF296 .C53  |h Library of Congress classification  |i unmediated -- volume  |k 96th  |l 1953  |m A14852598359 
952 f f |p ric  |a Texas A&M University  |b Rellis Campus  |c Joint Library Facility  |d Remote Storage  |t 0  |e HF296 .C53  |h Library of Congress classification  |i unmediated -- volume  |k 100th  |l 1957  |m A14852598318 
952 f f |p ric  |a Texas A&M University  |b Rellis Campus  |c Joint Library Facility  |d Remote Storage  |t 0  |e HF296 .C53  |h Library of Congress classification  |i unmediated -- volume  |k 107th  |l 1964  |m A14852598268 
998 f f |a HF296 .C53  |s 89th-111th (1946-1969)  |t 0  |l Remote Storage